La mesure de l'etat : administrateurs et geometres au XVIIIe siecle
Αποθηκεύτηκε σε:
| Κύριος συγγραφέας: | |
|---|---|
| Μορφή: | Βιβλίο |
| Γλώσσα: | French |
| Δημοσίευση: |
Paris :
Albin Michel,
1994
|
| Σειρά: | Evolution de l'humanite
|
| Θέματα: | |
| Ετικέτες: |
Προσθήκη ετικέτας
Δεν υπάρχουν, Καταχωρήστε ετικέτα πρώτοι!
|
MARC
| LEADER | 00000nam a2200000 i 4500 | ||
|---|---|---|---|
| 001 | 1/95612 | ||
| 008 | 990312s1994 fre d | ||
| 020 | |a 2-226-06870-8 | ||
| 035 | |l 10009809 | ||
| 040 | |a GR-MY-UA |b gre |e aacr | ||
| 041 | 0 | |a fre | |
| 082 | 0 | |a 304.60944 | |
| 100 | 1 | |a Brian, Eric. | |
| 245 | 1 | 3 | |a La mesure de l'etat : |b administrateurs et geometres au XVIIIe siecle / |c Eric Brian |
| 260 | |a Paris : |b Albin Michel, |c 1994 | ||
| 300 | |a 462 p. | ||
| 490 | 1 | |a Evolution de l'humanite | |
| 650 | 0 | 0 | |a Demography |z France |x History. |
| 650 | 0 | 0 | |a Population research |z France |x History. |
| 651 | 0 | |a France |x Statistical services |x History. | |
| 830 | 0 | |a Evolution de l'humanite | |
| 852 | |a INST |b LESVOS |e 19990312 |h 304.60944 BRI |p 005100010753 |q 005100010753 |t BK |y 0 | ||
| 909 | |a Λ |b 037214 | ||
| 922 | |a 1ΕΛΗ |b 199411 |c ΚΑΡΑΒΑΣ | ||
| 950 | |a 128-1994-09-01 | ||